01186nam a2200157 a 4500008004100000020001500041041000800056100002200064245003200086250001100118260004400129300001100173500009000184505073500274655001901009180918s2003 ag |||||||||| 00| 0|spa d a9871106335 aspa1 aCortázar, Julio aBestiario /cJulio Cortazar a1a ed. aBuenos Aires:bPunto de lectura;c2003. a165 p. aCortázar, J. (2003). Bestiario. (1a ed.). Buenos Aires : Suma de Letras Argentinas. aBestiario en el primer libro de relatos que Julio Cortázar publica con su auténtico nombre. Pero no hay en estas ocho obras maestras ni el menor balbuceo ni resacas juveniles: son perfectas. Estos cuentos, que hablan de objetos y hechos cotidianos, pasan a la dimensión de la pesadilla o de la revelación de un modo natural e imperceptible. Sorpresa o incomodidad son, en cada texto, un condimento que se agrega al placer indescriptible de su lectura. Sus relatos nos desazonan porque poseen una característica muy rara en la literatura: se nos quedan mirando, como si esperaran algo de nosotros. Después de leer estos verdaderos clásicos del género, nuestra opinión sobre el mundo no puede ser siendo la misma.  acuentos cortos